000 00514cam a22002171 4500
001 sa 68015527
003 DLC
005 20260227112644.0
008 890721s1968 ii 000 0 hino
010 _asa 68015527
035 _a(OCoLC)20053216
040 _aDLC
_cWaU
_dDLC
042 _apremarc
050 0 0 _aPK2098.19.I9
_bD5
100 1 _aDivākara, Ballabheśa,
_d1932-
245 1 0 _aDharatī pyāsī hai.
260 _c[1968]
300 _a100 p.
_c23 cm.
500 _aIn Hindi.
500 _aPoems.
999 _c86500
_d86500